Las monedas de Judas : (Record no. 192823)

MARC details
000 -LEADER
campo de control de longitud fija 01214nam a2200337 i 4500
001 - NÚMERO DE CONTROL
campo de control 192823
003 - IDENTIFICADOR DE NÚMERO DE CONTROL
campo de control SpMaBN
005 - FECHA Y HORA DE LA ÚLTIMA TRANSACCIÓN
campo de control 20250630060258.0
008 - DATOS DE LONGITUD FIJA--INFORMACIÓN GENERAL
campo de control de longitud fija 230529s2013 sp | |||| 000 f spa
017 ## - NÚMERO DE COPYRIGHT O DE DEPÓSITO LEGAL
Número de copyright o de depósito legal B 34227-2012
Agencia que asigna Oficina Depósito Legal Barcelona
020 ## - NÚMERO INTERNACIONAL ESTÁNDAR DEL LIBRO
Número Internacional Estándar del Libro 9788415750321
035 ## - NÚMERO DE CONTROL DEL SISTEMA
Número de control de sistema (OCoLC)864114493
040 ## - FUENTE DE CATALOGACIÓN
Centro catalogador/agencia de origen SpMaBN
Lengua de catalogación spa
Centro/agencia transcriptor SpMaBN
Normas de descripción rdc
Centro/agencia modificador ES-MaACL
080 ## - NÚMERO DE LA CLASIFICACIÓN DECIMAL UNIVERSAL
Número de la Clasificación Decimal Universal 821.134.2-31"19"
100 1# - ENTRADA PRINCIPAL--NOMBRE DE PERSONA
Nombre de persona Lens, Carlos,
Fechas asociadas al nombre 1954-
9 (RLIN) 226316
Término indicativo de función/relación Autor
245 14 - MENCIÓN DEL TÍTULO
Título Las monedas de Judas :
Resto del título una leyenda sobre las reliquias de los templarios /
Mención de responsabilidad, etc. Carlos Lens
250 ## - MENCION DE EDICION
Mención de edición Primera edición en esta colección: enero de 2013
260 ## - PUBLICACIÓN, DISTRIBUCIÓN, ETC.
Lugar de publicación, distribución, etc. Barcelona:
Nombre del editor, distribuidor, etc. Plataforma Editorial,
Fecha de publicación, distribución, etc. 2013
300 ## - DESCRIPCIÓN FÍSICA
Extensión 844 páginas ;
Dimensiones 22 cm
336 ## - TIPO DE CONTENIDO
Término de tipo de contenido Texto (visual)
Fuente isbdcontent
337 ## - TIPO DE MEDIO
Nombre/término del tipo de medio sin mediación
Fuente isbdmedia
490 1# - MENCIÓN DE SERIE
Mención de serie Plataforma novela histórica
500 ## - NOTA GENERAL
Nota general Índice
610 20 - PUNTO DE ACCESO ADICIONAL DE MATERIA--NOMBRE DE ENTIDAD CORPORATIVA
Nombre de entidad corporativa o nombre de jurisdicción como elemento de entrada Orden del Temple-
Subdivisión de forma Novelas
9 (RLIN) 235478
655 #7 - TERMINO DE INDIZACIÓN--GENERO/FORMA
Datos o término principal de género/forma Novelas históricas
Fuente del término tgfbne
9 (RLIN) 226782
830 ## - PUNTO DE ACCESO ADICIONAL DE SERIE-TÍTULO UNIFORME
9 (RLIN) 235548
Título uniforme Plataforma novela histórica
852 ## - LOCALIZACIÓN
Ubicación ES-MaACL
Sublocalización o colección R.151863
Ubicación en estantería Depósito J
Donativo/Legado Donación: Editorial
Número de control de estantería N-8445
itemnumber 200125
942 ## - ELEMENTOS DE ENTRADA SECUNDARIOS (KOHA)
Tipo de ítem Koha Libro impreso
Suprimir en OPAC No
Holdings
Estatus retirado Estado de pérdida Fuente del sistema de clasificación o colocación Estado de daño No para préstamo Biblioteca de origen Biblioteca actual Ubicación en estantería Fecha de adquisición Fuente de adquisición Total de préstamos Signatura topográfica completa Código de barras Visto por última vez Tipo de ítem Koha
    Clasificación decimal universal     Biblioteca del Ateneo de Madrid Biblioteca del Ateneo de Madrid Depósito J 18/07/2017 Donación   N-8445 101205414 29/05/2023 Libro impreso